Name The Celebrity- Mega Picture Edition 4 - Statistics

General Stats
  • This quiz has been taken 249 times
  • The average score is 24 of 50
Answer Stats
Picture Answer % Correct
Justin Bieber
93%
Mohandas Gandhi
93%
Elvis Presley
92%
Bruno Mars
87%
Lady Gaga
87%
Nicki Minaj
87%
Jennifer Lawrence
85%
Meghan Markle
80%
Matt Damon
77%
Keira Knightley
70%
Andre the Giant
69%
David Bowie
64%
Ben Affleck
62%
Mark Ruffalo
61%
Aretha Franklin
60%
Jason Statham
56%
Penelope Cruz
55%
Clint Eastwood
51%
Mel Gibson
50%
Seth Rogen
50%
Steve Martin
46%
Jay Leno
44%
Bryan Cranston
43%
Elizabeth Taylor
42%
Julie Andrews
42%
Marlon Brando
42%
Donatella Versace
41%
Marvin Gaye
41%
Bruce Springsteen
40%
Jodie Foster
39%
Nancy Reagan
39%
Harry S. Truman
38%
Michael Fassbender
36%
Zoe Saldana
35%
Boris Yeltsin
34%
Chuck Berry
34%
Farrah Fawcett
34%
Martin Luther
34%
Jennifer Love Hewitt
32%
Olivia Newton-John
32%
Diane Keaton
30%
Rudy Giuliani
29%
Steffi Graf
28%
Natalie Wood
19%
Geronimo
16%
Oliver Cromwell
15%
Vera Wang
14%
Edith Piaf
13%
Michelangelo
9%
Robert Wagner
1%
No matching quizzes found
Score Distribution
Percent of People with Each Score
Percentile by Number Answered
Your Score History
You have not taken this quiz